[Event "IND-chT"]
[Site "Gurgaon"]
[Date "2010.02.26"]
[Round "7"]
[White "Hemant, Kumar Nayak"]
[Black "Maheswaran, Palsamy"]
[Result "0-1"]
[WhiteElo "2049"]
[BlackElo "2355"]
[PlyCount "86"]
[EventDate "2010.02.21"]
[EventType "team"]
[EventRounds "9"]
[EventCountry "IND"]
[SourceTitle "CBM 135 Extra"]
[Source "ChessBase"]
[SourceDate "2010.05.04"]
[SourceVersion "1"]
[SourceVersionDate "2010.05.04"]
[SourceQuality "1"]

1. e4 c5 2. c3 Nf6 3. e5 Nd5 4. g3 d6 5. exd6 Qxd6 6. Bg2 Nc6 7. Na3 e6 8. Qh5 Be7 9. Nb5 Qd8 10. Bxd5 exd5 11. Qxd5 0-0 12. Qxd8 Rxd8 13. Ne2 Ne5 14. Nf4 g5 15. Ng2 Bd7 16. Na3 Nd3+ 17. Ke2 Bc6 18. Rg1 Rd7 19. Ne3 Re8 20. Nac2 Bd8 21. Ne1 Ne5 22. b3 g4 23. Ba3 Nf3 24. Nxf3 Bxf3+ 25. Ke1 b6 26. Rc1 Rd3 27. Rc2 h5 28. Bb2 Bf6 29. c4 Bd4 30. Bc3 a5 31. Rc1 Kh7 32. a3 Kg6 33. b4 a4 34. bxc5 bxc5 35. Kf1 Bxc3 36. dxc3 Rd2 37. Nd5 Re4 38. Ne3 Ra2 39. Ke1 Re8 40. Rb1 Re6 41. Rc1 Rb6 42. Ng2 Kh6 43. Ne3 Rbb2 0-1

[Event "IND-chT"]
[Site "Gurgaon"]
[Date "2010.02.22"]
[Round "2"]
[White "Sengupta, Pratik"]
[Black "Hemant, Kumar Nayak"]
[Result "1-0"]
[WhiteElo "2077"]
[BlackElo "2049"]
[PlyCount "131"]
[EventDate "2010.02.21"]
[EventType "team"]
[EventRounds "9"]
[EventCountry "IND"]
[SourceTitle "CBM 135 Extra"]
[Source "ChessBase"]
[SourceDate "2010.05.04"]
[SourceVersion "1"]
[SourceVersionDate "2010.05.04"]
[SourceQuality "1"]

1. e4 d6 2. d4 Nf6 3. Nc3 c6 4. f3 Nbd7 5. Be3 b5 6. a4 b4 7. Nb1 a5 8. Nd2 e6 9. Nb3 Be7 10. Bd3 0-0 11. Ne2 e5 12. 0-0 Nb6 13. dxe5 dxe5 14. Qe1 Be6 15. Nc5 Bc4 16. Nc1 Bxd3 17. N1xd3 Nc4 18. Bf2 Qc7 19. b3 Nb6 20. Be3 Nbd7 21. Qg3 Nxc5 22. Nxc5 Nd7 23. Nd3 Rfe8 24. f4 Bd6 25. f5 Nf6 26. Bh6 Bf8 27. Rae1 Kh8 28. Bg5 Nd7 29. f6 g6 30. Qh4 Qd6 31. Rf3 Kg8 32. Ref1 Re6 33. Rh3 h6 34. Bxh6 Rxf6 35. Bxf8 Qd4+ 36. Nf2 Kxf8 37. Qh8+ Ke7 38. Qxa8 Nc5 39. Qa7+ Ke6 40. Rf3 Rxf3 41. gxf3 Qc3 42. Nd3 Nxd3 43. cxd3 Qxd3 44. Rc1 Kf6 45. Qf2 Qxb3 46. Rxc6+ Kg7 47. Rc1 Qxa4 48. Qb2 Qb5 49. f4 Qb6+ 50. Kh1 Qe3 51. Qxe5+ Kh7 52. Rf1 Qe2 53. Kg1 Qg4+ 54. Kf2 Qh4+ 55. Ke3 Qh3+ 56. Rf3 Qxh2 57. Qb5 Qg1+ 58. Rf2 Qc1+ 59. Kf3 Qh1+ 60. Rg2 b3 61. Qxb3 Qf1+ 62. Kg3 Qe1+ 63. Kh2 Qxe4 64. Qxf7+ Kh6 65. Kg3 a4 66. Rh2# 1-0